00922nam a2200265Ia 4500003000400000005001700004008004100021020001800062040001800080041000800098082002400106100003200130245010200162250001200264260004300276300002400319650002300343650002500366650002200391650003800413700003300451942002500484999001900509952012800528OSt20240813160408.0210716s2009 xx 000 0 und d a9788131504925 cAIMIT LIBRARY aeng a005.73 2GILRbGILR aGilberg, Richard F.9174984 aData structures :bpseudocode approach with c++ /cBy Richard F. Gilberg and Behrouz A. Forouzan. a1st ed. aAustralia :bCengage Learning ,c2009. a705 p.;bPBc25 cm. aSearching 9174985 aLinked lists9174986 aRecursion9174987 aAdvanced sorting concepts9174988 aForouzan, Behrouz A.9175289 2ddccBKk005.73 GILR c189971d189971 001040708MCAaAIMITbAIMITeAthulya Booksg433.00l0o005.73 GILRpMCA09479r2026-05-23 00:00:00v324.75w2021-07-16yBK